<?xml version="1.0" encoding="UTF-8"?>
<record
    xmlns:xsi="http://www.w3.org/2001/XMLSchema-instance"
    xsi:schemaLocation="http://www.loc.gov/MARC21/slim http://www.loc.gov/standards/marcxml/schema/MARC21slim.xsd"
    xmlns="http://www.loc.gov/MARC21/slim">

  <leader>02793nam a2200469 i 4500</leader>
  <controlfield tag="001">169969</controlfield>
  <controlfield tag="003">ES-MaACL</controlfield>
  <controlfield tag="005">20231218195042.0</controlfield>
  <controlfield tag="008">081230s1907    fr           |||| | fre d</controlfield>
  <datafield tag="080" ind1=" " ind2=" ">
    <subfield code="a">821.133.1-2"18"</subfield>
  </datafield>
  <datafield tag="245" ind1="0" ind2="3">
    <subfield code="a">L' Illustration th&#xE9;atrale.</subfield>
  </datafield>
  <datafield tag="260" ind1=" " ind2=" ">
    <subfield code="a">Paris : </subfield>
    <subfield code="b">[ s.n., </subfield>
    <subfield code="c">1907]</subfield>
  </datafield>
  <datafield tag="300" ind1=" " ind2=" ">
    <subfield code="a">1 v. : </subfield>
    <subfield code="b">il., retr. ; </subfield>
    <subfield code="c">25 cm.</subfield>
  </datafield>
  <datafield tag="490" ind1="1" ind2=" ">
    <subfield code="a">L' Illustration th&#xE9;atrale ; </subfield>
    <subfield code="v">63-76</subfield>
  </datafield>
  <datafield tag="505" ind1="8" ind2=" ">
    <subfield code="a">Contiene: ; </subfield>
    <subfield code="t">La Fran&#xE7;aise : com&#xE9;die en trois actes / </subfield>
    <subfield code="r">par Brieux. -- </subfield>
    <subfield code="t">La Rivale : pi&#xE8;ce en quatre actes / </subfield>
    <subfield code="r">par Henry Kistemaeckers et Eug&#xE8;ne Delard. -- </subfield>
    <subfield code="t">Adrienne Lecouvreur : drame en six actes / </subfield>
    <subfield code="r">par Mme Sarah Bernhardt. -- </subfield>
    <subfield code="t">Th&#xE9;odora : drame en cinq actes et sept tableaux / </subfield>
    <subfield code="r">par Victorien Sardou. -- </subfield>
    <subfield code="t">Chacun sa vie : com&#xE9;die en trois actes / </subfield>
    <subfield code="r">par Gustave Guiches et P.- B. Gheusi. -- </subfield>
    <subfield code="t">La Sacrifi&#xE9;e : pi&#xE8;ce en trois actes / </subfield>
    <subfield code="r">par Gaston Devore. -- </subfield>
    <subfield code="t">Les Plumes du paon : com&#xE9;die en trois actes / </subfield>
    <subfield code="r">par A. Bisson et J. Berr de Turique. -- </subfield>
    <subfield code="t">Terre d'&#xC9;pouvante : pi&#xE8;ce en trois actes / </subfield>
    <subfield code="r">par Andr&#xE9; de Lorde et Eugene Morel. -- </subfield>
    <subfield code="t">Monsieur Codomat : com&#xE8;die en trois actes /</subfield>
    <subfield code="r">par Tristan Bernard. -- </subfield>
    <subfield code="t">L'Amour veille / </subfield>
    <subfield code="r">par G. - A. de Caillavet et Robert de Flers. -- </subfield>
    <subfield code="t">Monsieur de Courpi&#xE8;re : com&#xE8;die en quatre actes /</subfield>
    <subfield code="r">par Abel Hermant. -- </subfield>
    <subfield code="t">Apr&#xE8;s le pardon : pi&#xE8;ce en cinq actes / </subfield>
    <subfield code="r">par Mathilde Serao et Pierre Decourcelle. -- </subfield>
    <subfield code="t">Coeur a coeur : pi&#xE8;ce en trois actes /</subfield>
    <subfield code="r">par Romain Coolus. -- </subfield>
    <subfield code="t">Madame Sans-G&#xEA;ne : com&#xE9;die en trois actes /</subfield>
    <subfield code="r">par Victorien Sardou et Emile Moreau. -- </subfield>
    <subfield code="t">Son P&#xE8;re : com&#xE9;die en quatre actes / </subfield>
    <subfield code="r">par Albert Guinon et Alfred Bouchinet .</subfield>
  </datafield>
  <datafield tag="598" ind1=" " ind2=" ">
    <subfield code="a">14 n. de 1907 encuadernados en 1 vol.</subfield>
  </datafield>
  <datafield tag="700" ind1="1" ind2=" ">
    <subfield code="a">Brieux, Eug&#xE8;ne.</subfield>
    <subfield code="9">139212</subfield>
  </datafield>
  <datafield tag="700" ind1="1" ind2=" ">
    <subfield code="a">Kistemaeckers, Henry.</subfield>
    <subfield code="9">139213</subfield>
  </datafield>
  <datafield tag="700" ind1="1" ind2=" ">
    <subfield code="a">Delard, Eug&#xE8;ne.</subfield>
    <subfield code="9">139214</subfield>
  </datafield>
  <datafield tag="700" ind1="1" ind2=" ">
    <subfield code="a">Bernhardt, Sarah,</subfield>
    <subfield code="d">1844-1923</subfield>
    <subfield code="9">28329</subfield>
  </datafield>
  <datafield tag="700" ind1="1" ind2=" ">
    <subfield code="a">Sardou, Victorien.</subfield>
    <subfield code="9">103800</subfield>
  </datafield>
  <datafield tag="700" ind1="1" ind2=" ">
    <subfield code="a">Guiches, Gustave.</subfield>
    <subfield code="9">139215</subfield>
  </datafield>
  <datafield tag="700" ind1="1" ind2=" ">
    <subfield code="a">Gheusi, Pierre-Barth&#xE9;lemy.</subfield>
    <subfield code="9">139877</subfield>
  </datafield>
  <datafield tag="700" ind1="1" ind2=" ">
    <subfield code="a">Devore, Gaston.</subfield>
    <subfield code="9">139216</subfield>
  </datafield>
  <datafield tag="700" ind1="1" ind2=" ">
    <subfield code="a">Bisson, Alexandre.</subfield>
    <subfield code="9">139217</subfield>
  </datafield>
  <datafield tag="700" ind1="1" ind2=" ">
    <subfield code="a">Berr de Turique, Julien.</subfield>
    <subfield code="9">139218</subfield>
  </datafield>
  <datafield tag="700" ind1="1" ind2=" ">
    <subfield code="a">Lorde, Andr&#xE9; de.</subfield>
    <subfield code="9">139219</subfield>
  </datafield>
  <datafield tag="700" ind1="0" ind2=" ">
    <subfield code="a">Morel, Eug&#xE8;ne.</subfield>
    <subfield code="9">83240</subfield>
  </datafield>
  <datafield tag="700" ind1="0" ind2=" ">
    <subfield code="a">Bernard, Tristan.</subfield>
    <subfield code="9">28259</subfield>
  </datafield>
  <datafield tag="700" ind1="1" ind2=" ">
    <subfield code="a">Caillavet, Gaston-Arman de.</subfield>
    <subfield code="9">139185</subfield>
  </datafield>
  <datafield tag="700" ind1="0" ind2=" ">
    <subfield code="a">Flers, Robert de.</subfield>
    <subfield code="9">51180</subfield>
  </datafield>
  <datafield tag="700" ind1="0" ind2=" ">
    <subfield code="a">Hermant, Abel.</subfield>
    <subfield code="9">62743</subfield>
  </datafield>
  <datafield tag="700" ind1="1" ind2=" ">
    <subfield code="a">Serao, Matilde (</subfield>
    <subfield code="d">1857-1927)</subfield>
    <subfield code="9">105524</subfield>
  </datafield>
  <datafield tag="700" ind1="0" ind2=" ">
    <subfield code="a">Decourcelle, Pierre.</subfield>
    <subfield code="9">43183</subfield>
  </datafield>
  <datafield tag="700" ind1="1" ind2=" ">
    <subfield code="a">Coolus, Romain.</subfield>
    <subfield code="9">139220</subfield>
  </datafield>
  <datafield tag="700" ind1="1" ind2=" ">
    <subfield code="a">Moreau, &#xC9;mile.</subfield>
    <subfield code="9">83205</subfield>
  </datafield>
  <datafield tag="700" ind1="1" ind2=" ">
    <subfield code="a">Guinon, Albert.</subfield>
    <subfield code="9">139221</subfield>
  </datafield>
  <datafield tag="700" ind1="1" ind2=" ">
    <subfield code="a">Bouchinet, Alfred.</subfield>
    <subfield code="9">139222</subfield>
  </datafield>
  <datafield tag="830" ind1="0" ind2=" ">
    <subfield code="a">L' Illustration th&#xE9;atrale ; </subfield>
    <subfield code="v">63-76</subfield>
    <subfield code="9">222939</subfield>
  </datafield>
  <datafield tag="852" ind1="4" ind2=" ">
    <subfield code="a">ES-MaACL</subfield>
    <subfield code="j">E-12368 </subfield>
    <subfield code="z">.- Biblioteca Jacinto Mart&#xED;nez Lacalle</subfield>
  </datafield>
  <datafield tag="999" ind1=" " ind2=" ">
    <subfield code="c">169969</subfield>
    <subfield code="d">169969</subfield>
  </datafield>
  <datafield tag="952" ind1=" " ind2=" ">
    <subfield code="0">0</subfield>
    <subfield code="1">0</subfield>
    <subfield code="4">0</subfield>
    <subfield code="7">0</subfield>
    <subfield code="a">ATENEOM</subfield>
    <subfield code="b">ATENEOM</subfield>
    <subfield code="c">DEPO2</subfield>
    <subfield code="d">2008-12-30</subfield>
    <subfield code="e">DON</subfield>
    <subfield code="l">0</subfield>
    <subfield code="o">E-12368</subfield>
    <subfield code="p">1178450</subfield>
    <subfield code="r">2023-02-23 00:00:00</subfield>
    <subfield code="w">2023-02-23</subfield>
    <subfield code="y">MONOGRAFIA</subfield>
  </datafield>
</record>
